Statystyki dla Państwa przez które przechodz koło podbiegunowe

Kliknij tutaj aby rozwiązać quiz!

Ogólne statystyki

  • Ten quiz został rozwiązany 90 razy
  • Średni wynik to 8 z 8

Statystyki odpowiedzi

Państwo% Poprawnych
Finlandia
100%
Norwegia
100%
Szwecja
100%
Rosja
99%
Dania
98%
Kanada
97%
Stany Zjednoczone
94%
Islandia
93%

Rozkład punktacji

Percentyl według liczby udzielonych odpowiedzi

Procent ludzi z każdym wynikiem

Twoja historia wyników

Nie rozwiązałeś tego quizu